Normal view
MARC view
Entry Personal Name
001 - CONTROL NUMBER
- control field: 63108
003 - CONTROL NUMBER IDENTIFIER
- control field: dpl
005 - DATE AND TIME OF LATEST TRANSACTION
- control field: 20240312114741.0
008 - FIXED-LENGTH DATA ELEMENTS
- fixed length control field: 240312|| aca||aabn | a|a d
040 ## - CATALOGING SOURCE
- Original cataloging agency: dpl
- Transcribing agency: dpl
100 ## - HEADING--PERSONAL NAME
- Personal name: Iyer, V.R.Krishna
670 ## - SOURCE DATA FOUND
- Source citation: Work cat.: (dpl)201400: Iyer, V.R.Krishna, Legal Spectrum /, 2011
